Καινοτομία και επιχειρηματικότητα : θεωρία και εφαρμογές

Αποθηκεύτηκε σε:
Λεπτομέρειες βιβλιογραφικής εγγραφής
Κύριος συγγραφέας: Drucker, Peter F. (Peter Ferdinand), 1909-2005
Άλλοι συγγραφείς: Γαλάτης, Γιάννης (Μεταφραστής)
Μορφή: Βιβλίο
Γλώσσα:Greek
English
Δημοσίευση: Θεσσαλονίκη : ΑΣΕ, 1985
Σειρά:Βιβλιοθήκη μάνατζμεντ
Θέματα:
Ετικέτες: Προσθήκη ετικέτας
Δεν υπάρχουν, Καταχωρήστε ετικέτα πρώτοι!

MARC

LEADER 00000cam a2200000 i 4500
001 1/43264
008 960216s1985 gre d
020 |a 960-212-075-4 
035 |l 10025743 
040 |a GR-MY-UA  |b gre  |e aacr 
041 0 |a gre  |h eng 
082 0 |a 658 
100 1 |a Drucker, Peter F.   |q (Peter Ferdinand),   |d 1909-2005. 
245 1 0 |a Καινοτομία και επιχειρηματικότητα :  |b θεωρία και εφαρμογές /  |c Πήτερ Ντράγκερ ; μετάφραση: Γιάννης Γαλάτης 
260 |a Θεσσαλονίκη :   |b ΑΣΕ,   |c 1985 
300 |a 308 σ. 
490 1 |a Βιβλιοθήκη Μάνατζμεντ 
650 0 0 |a Business  |x Management. 
700 1 |a Γαλάτης, Γιάννης.  |4 trl 
830 0 |a Βιβλιοθήκη μάνατζμεντ 
852 |a INST  |b CHIOS  |e 19960216  |h 658 DRU  |p 005200000973  |q 005200000973  |t BK  |y 0 
909 |a Χ  |b 019882